000 00403nam a2200157Ia 4500
008 210716s2011 xx 000 0 und d
020 _a9788183482677
041 _aeng
082 _a153.94 VERS
100 _aVerma, Sarvesh K.
245 _aQuantitative aptitude quantum CAT.
250 _a1
260 _aMeerut
_bArihant Publications Pvt Ltd
_c2011
300 _a807,72
650 _aAptitude Test
999 _c193203
_d193203